000 00417nam a2200157Ia 4500
008 230711s9999||||xx |||||||||||||| ||und||
020 _a978-81-7505-411-0
041 _aENG
082 _a294.52
_bAD-C
100 _aAdvaita Ashrama
245 4 _aThe Complete Works of Swami Vivekananda
250 _a2nd Ed.
260 _c2013
_aKolkata
_bAdvaita Ashrama Publication Department
650 _aLiterature
942 _cBK
999 _c6830
_d6830